Mexico City Quiz - Statistics

General Stats
  • This quiz has been taken 26 times
  • The average score is 10 of 20
Answer Stats
City % Correct
Mexico City
100%
Guadalajara
95%
Monterrey
90%
Tijuana
85%
Cancun
80%
Ciudad Juarez
75%
Leon
70%
Puebla
65%
Merida
55%
Chihuahua
45%
Ecatepec
40%
Hermosillo
35%
Mexicali
35%
Saltillo
35%
Aguascalientes
30%
San Luis Potosi
30%
Culiacan
25%
Zapopan
25%
Naucalpan
10%
Nezahualcoyotl
10%
No matching quizzes found
Score Distribution
Percent of People with Each Score
Percentile by Number Answered
Your Score History
You have not taken this quiz